Almanach những nền văn minh thế giới

שמור ב:
מידע ביבליוגרפי
פורמט: ספר
שפה:Undetermined
יצא לאור: Hà Nội VHTT 2006
נושאים:
תגים: הוספת תג
אין תגיות, היה/י הראשונ/ה לתייג את הרשומה!
Thư viện lưu trữ: Trung tâm Học liệu Trường Đại học Cần Thơ
LEADER 00442nam a2200169Ia 4500
001 CTU_120458
008 210402s9999 xx 000 0 und d
020 |c 495000 
082 |a 909 
082 |b A445 
245 0 |a Almanach những nền văn minh thế giới 
260 |a Hà Nội 
260 |b VHTT 
260 |c 2006 
650 |a World history 
904 |i Minh 
980 |a Trung tâm Học liệu Trường Đại học Cần Thơ